Anatomía con orientacion clinica / (Registro nro. 1800)

Detalles MARC
000 -LEADER
fixed length control field 01751nam a2200445 4500
003 - CONTROL NUMBER IDENTIFIER
control field CO-CtgCURN
005 - DATE AND TIME OF LATEST TRANSACTION
control field 20260316205059.0
007 - PHYSICAL DESCRIPTION FIXED FIELD--GENERAL INFORMATION
fixed length control field ta
008 - FIXED-LENGTH DATA ELEMENTS--GENERAL INFORMATION
fixed length control field 160627s2007 000 0 eng d
020 ## - INTERNATIONAL STANDARD BOOK NUMBER
International Standard Book Number 9789687988894
040 ## - CATALOGING SOURCE
Original cataloging agency CO-CtgCURN
Language of cataloging spa
Transcribing agency coctgcurn
082 0# - DEWEY DECIMAL CLASSIFICATION NUMBER
Classification number 611.9
Item number M821
100 1# - MAIN ENTRY--PERSONAL NAME
Personal name Moore, Keith L.
245 10 - TITLE STATEMENT
Title Anatomía con orientacion clinica /
Statement of responsibility, etc. Keith L. Moore, Arthur F. Dalley ; con la colaboración especial de Lisa S. Donohoe, Marion E. Moore ; traductor, Ignacio Navasces Benlloch.
250 ## - EDITION STATEMENT
Edition statement 5a ed.
260 ## - PUBLICATION, DISTRIBUTION, ETC.
Place of publication, distribution, etc. México :
Name of publisher, distributor, etc. Medica Panamericana,
Date of publication, distribution, etc. 2007.
300 ## - PHYSICAL DESCRIPTION
Extent xxxii, 1205 p.: il., lamns., retrs. :
Other physical details il., laminas, retrs.
336 ## - CONTENT TYPE
Source rdacontent
337 ## - MEDIA TYPE
Source rdamedia
Media type term sin mediacion
Media type code n
338 ## - CARRIER TYPE
Source rdacarrier
Carrier type term volumen
Carrier type code nc
500 ## - GENERAL NOTE
General note Incluye indice.
504 ## - BIBLIOGRAPHY, ETC. NOTE
Bibliography, etc. note Incluye bibliografía al final de cada capítulo.
505 8# - FORMATTED CONTENTS NOTE
Formatted contents note Torax -- Abdomen -- Pelvis y perin -- Espalda -- Miembro inferior -- Miembro superior -- Cabeza -- Cuello -- Resumen de los nervios craneales
590 ## - LOCAL NOTE (RLIN)
Local note Introducción a la odontología (odontología)<br/>
590 ## - LOCAL NOTE (RLIN)
Local note Biomédicas I (Medicina)
590 ## - LOCAL NOTE (RLIN)
Local note Bioquímica (Odontología)
590 ## - LOCAL NOTE (RLIN)
Local note Biomédicas II (Medicina)
590 ## - LOCAL NOTE (RLIN)
Local note Anatomía (Odontología)
650 14 - SUBJECT ADDED ENTRY--TOPICAL TERM
Topical term or geographic name entry element Anatomía topográfica y funcional.
650 14 - SUBJECT ADDED ENTRY--TOPICAL TERM
Topical term or geographic name entry element Anatomía clínica.
650 14 - SUBJECT ADDED ENTRY--TOPICAL TERM
Topical term or geographic name entry element Neuroanatomía.
650 14 - SUBJECT ADDED ENTRY--TOPICAL TERM
Topical term or geographic name entry element Anatomía humana.
700 1# - ADDED ENTRY--PERSONAL NAME
Personal name Dalley, Arthur F.
700 1# - ADDED ENTRY--PERSONAL NAME
Personal name Agur, Anne M.R,
Titles and other words associated with a name Colaborador.
700 1# - ADDED ENTRY--PERSONAL NAME
Personal name Moore, Marion E,
Titles and other words associated with a name Colaborador.
908 ## - PUT COMMAND PARAMETER (RLIN)
Put command parameter 160627
942 ## - ADDED ENTRY ELEMENTS (KOHA)
Koha item type Libros
Classification part 611.9
Item part M821 2002
Source of classification or shelving scheme Dewey Decimal Classification
Existencias
Withdrawn status Lost status Source of classification or shelving scheme Damaged status Not for loan Collection Home library Current library Shelving location Date acquired Inventory number Total checkouts Full call number Barcode Date last seen Date last checked out Copy number Price effective from Koha item type Public note
    Dewey Decimal Classification     General Miguel Henríquez Emiliani Miguel Henríquez Emiliani General 03/29/2025 012596 4 611.9 M821 2007 012596 03/16/2026 02/16/2026 ej.1 03/29/2025 Libros 610-CIENME
    Dewey Decimal Classification     General Miguel Henríquez Emiliani Miguel Henríquez Emiliani General 03/29/2025 012597 10 611.9 M821 2007 012597 03/26/2026 03/21/2026 ej.2 03/29/2025 Libros 610-CIENME